Twelve Red Herrings (Record no. 350871)
[ view plain ]
| 000 -LEADER | |
|---|---|
| fixed length control field | 01113pam a2200277 a 4500 |
| 001 - CONTROL NUMBER | |
| control field | 4432479 |
| 003 - CONTROL NUMBER IDENTIFIER | |
| control field | OSt |
| 005 - DATE AND TIME OF LATEST TRANSACTION | |
| control field | 20180116183028.0 |
| 008 - FIXED-LENGTH DATA ELEMENTS--GENERAL INFORMATION | |
| fixed length control field | 940322r1994 nyu 000 1 eng |
| 010 ## - LIBRARY OF CONGRESS CONTROL NUMBER | |
| LC control number | 94014753 |
| 020 ## - INTERNATIONAL STANDARD BOOK NUMBER | |
| International Standard Book Number | 0060179449 : |
| Terms of availability | $23.00 ($29.95 Can.) |
| 040 ## - CATALOGING SOURCE | |
| Original cataloging agency | DLC |
| Transcribing agency | DLC |
| Modifying agency | DLC |
| 050 00 - LIBRARY OF CONGRESS CALL NUMBER | |
| Classification number | PR6051.R285 |
| Item number | T85 1994 |
| 082 00 - DEWEY DECIMAL CLASSIFICATION NUMBER | |
| Classification number | 813.54 |
| Edition number | 20 |
| 100 1# - MAIN ENTRY--PERSONAL NAME | |
| Personal name | Archer, Jeffrey, |
| Dates associated with a name | 1940- |
| 245 10 - TITLE STATEMENT | |
| Title | Twelve Red Herrings |
| Statement of responsibility, etc. | Jeffrey Archer. |
| 250 ## - EDITION STATEMENT | |
| Edition statement | 1st U.S. ed. |
| 260 ## - PUBLICATION, DISTRIBUTION, ETC. | |
| Place of publication, distribution, etc. | New York : |
| Name of publisher, distributor, etc. | HarperCollins Publishers, |
| Date of publication, distribution, etc. | c1994. |
| 300 ## - PHYSICAL DESCRIPTION | |
| Extent | 324 p. ; |
| Dimensions | 24 cm. |
| Other physical details | PB |
| 440 ## - SERIES STATEMENT/ADDED ENTRY--TITLE | |
| Title | Twelve Red Herrings |
| 505 0# - FORMATTED CONTENTS NOTE | |
| Formatted contents note | Trial and error -- Cheap at half the price -- Dougie Mortimer's right arm -- Do not pass go -- Chunnel vision -- Shoeshine boy -- You'll never live to regret it -- Never stop on the motorway -- Not for sale -- Timeo Danaos-- -- An eye for an eye -- One man's meat-- . |
| 740 0# - ADDED ENTRY--UNCONTROLLED RELATED/ANALYTICAL TITLE | |
| Uncontrolled related/analytical title | 12 red herrings. |
| 906 ## - LOCAL DATA ELEMENT F, LDF (RLIN) | |
| a | 7 |
| b | cbc |
| c | orignew |
| d | 1 |
| e | ocip |
| f | 19 |
| g | y-gencatlg |
| 942 ## - ADDED ENTRY ELEMENTS (KOHA) | |
| Source of classification or shelving scheme | |
| Koha item type | Book |
| Withdrawn status | Lost status | Source of classification or shelving scheme | Damaged status | Not for loan | Collection code | Permanent Location | Current Location | Shelving location | Date acquired | Total Checkouts | Full call number | Barcode | Checked out | Date last seen | Date last checked out | Price effective from | Koha item type |
|---|---|---|---|---|---|---|---|---|---|---|---|---|---|---|---|---|---|
| Central Library (CL) | Central Library (CL) | Fiction | 12/16/2015 | 3 | 813.54 | NBSD-2356 | 03/23/2020 | 02/22/2020 | 02/22/2020 | 12/16/2015 | Book |
